| 000 | 00819nac a22002411i 4500 | ||
|---|---|---|---|
| 003 | EG-ScBUE | ||
| 005 | 20240416101004.0 | ||
| 008 | 100913s1965 e a f 000 0 eng d | ||
| 040 |
_aEG-ScBUE _beng _erda _cEG-ScBUE _dEG-ScBUE |
||
| 082 | 0 | 4 |
_a942 _222 _bCOM |
| 110 | 1 |
_aGreat Britain _918966 _bCentral Office of Information. Reference Division |
|
| 245 | 0 | 4 | _aThe commonwealth in brief. |
| 264 | 1 |
_aLondon : _bBritish Information Services, _c1965. |
|
| 300 |
_a[5], 46 pages : _btables ; _c18 cm |
||
| 336 |
_2rdacontent _atext _btxt |
||
| 337 |
_aunmediated _2rdamedia _bn |
||
| 338 |
_avolume _bnc _2rdacarrier |
||
| 610 | 2 | 7 |
_aCommonwealth of Nations. _2BUEsh _918968 |
| 651 | 7 |
_aCommonwealth countries. _2BUEsh _918969 |
|
| 655 | _vReading book | ||
| 942 |
_cBB _2ddc |
||
| 999 |
_c3310 _d3310 |
||